| 000 | 01349ngm a22002890a 4500 | ||
|---|---|---|---|
| 001 | PT35847 | ||
| 003 | AR-LpoUNG | ||
| 005 | 20210202000452.0 | ||
| 007 | vd cvaizq | ||
| 008 | 191001suuuu||||ag |||||||||||||||||spa d | ||
| 037 | _c$8,91 | ||
| 040 |
_aAR-LpoUNG _bspa _cAR-LpoUNG _eaacr |
||
| 041 | _aspa | ||
| 044 | _aag | ||
| 082 | 0 | _a305.3 976xxy | |
| 100 | 1 |
_aPuenzo, Lucía _edir. |
|
| 245 | 1 | 0 | _aXXY |
| 260 |
_aBuenos Aires : _bAVH, _c2007. |
||
| 300 | _aDVD (90 min.) : son., col. | ||
| 505 | 0 | _aSubtítulos en inglés, francés e italiano. - Créditos: Fotografía, Natasha Braier, música, Daniel Tarrab, Andrés Goldstei; montaje, Alex Zito, Hugo Primero - Elenco: Ricardo Darín, Valeria Bertuccelli, Inés Efrón, Germán Palacios, Carolina Peleritti | |
| 520 | _aAlex es una joven de 15 años que esconde un secreto. Cuando nació sus padres decidieron instalarse en una cabaña aislada en las afueras de Piriápolis. Una pareja de amigos de sus padres, van de visita con su hijo adolescente Alvaro. El padre de Alvaro es un cirujano plástico y aceptó la invitación por su interés médico en Alex. Entre los jóvenes surge una atracción muy fuerte que hace que sus padres se enfrenten a lo que menos querían | ||
| 650 | 4 | _aDRAMA | |
| 653 | _aCINE ARGENTINO | ||
| 653 | _aVIDEOS | ||
| 905 | _a35847 | ||
| 942 | _cDVD | ||
| 999 |
_c54919 _d54919 |
||